International economics (Record no. 5048)
[ view plain ]
| 000 -LEADER | |
|---|---|
| fixed length control field | 00446nam a2200145 4500 |
| 020 ## - INTERNATIONAL STANDARD BOOK NUMBER | |
| ISBN | 0131803816 |
| 050 ## - CALL NUMBER | |
| Classification number | HF1411 |
| 100 ## - AUTHOR | |
| Personal name | Salvatore, Dominick |
| 245 ## - TITLE | |
| Title | International economics |
| Statement of responsibility, etc | Dominick Salvatore. |
| 250 ## - EDITION | |
| Edition statement | 5th ed |
| 260 ## - PUBLICATION INFORMATION | |
| Place of publication | Englewood Cliffs, N.J. : |
| Name of publisher | Prentice Hall, |
| Year of publication | ©1995. |
| 300 ## - DESCRIPTION | |
| Number of Pages | xxxvii, 778 pages : |
| Other physical details | illustrations (some color), color map ; |
| Dimensions | 25 cm |
| 650 ## - SUBJECTS | |
| Topical Term | International economic relations |
| 942 ## - ADDED ENTRY ELEMENTS (KOHA) | |
| Koha item type | Books |
| Withdrawn status | Lost status | Home library | Current library | Date acquired | Full call number | Accession Number | Koha item type |
|---|---|---|---|---|---|---|---|
| Methodist University Library Wenchi Faculty | Methodist University Library Wenchi Faculty | 17/04/2019 | HF1411 | 6271 | Books |